000 01370nam0a2200301 4500
001 RU\NLR\bibl\1193860
005 20250615100032.0
010 _a978-5-02-036009-9
_9500
021 _aRU
_b2007-95162
_95139
035 _a(NLR Aleph) 001180394
090 _a1653663
_c1653663
100 _a20080228d2008 |||y0rusy50 ca
101 0 _arus
102 _aRU
105 _ay |||||||||
200 1 _aШествовать. Прихватить рог ...
_e[сборник]
_fЮлия Кокошко
210 _aМосква
_cНаука
_d2008
215 _a313, [1] c.
_d22
225 1 _aРусский Гулливер
327 1 _aСодерж.: Дорога, подписанные шаги и голоса; Из книги пира; Бегущие трепеты бегущих; Забывчивость повторяющейся реки; Шествие между весельем и радостью; Ничего кроме болтовни над полем трав; Воскресный четверг; Меланхолия, тема нераскрытого города
686 _aШ6(2=Р)75-44
700 1 _aКокошко
_bЮ. М.
_f1953-
_gЮлия Михайловна
_4070
801 0 _aRU
_bNLR
_c20080228
_gRCR
801 1 _aRU
_bNLR
_c20080228
942 _cBOOK
980 _aNB